000 00534 a2200181 4500
999 _c190738
_d190738
005 20220803171722.0
010 _aENG-134214
020 _c799.00
_a9789383516018
035 _aEN-117746
037 _bDBAD/PUB
082 _a294.5092
100 _aRajagopalachari,Parthasarathi
245 _aThe Master/
_cby Parthasarathi Rajagopalachari
260 _aIndia
_bShri Ram Chandra Mission
_c2018
270 _aHQ-Shahjahanpur,
_bIndia
300 _a239p.:
_c23cm(pbk)
_bill.
942 _adpl
_cEN
_2ddc
_h294.5092
_mRAJ